000 00310 a2200157 4500
001 48510
020 _a8573191309
040 _cAnchieta - Bela Vista
100 _aShakespeare, William
240 1 0 _aOtelo
_lpor
245 1 0 _aOtelo
300 _a48
362 0 _a2001
650 4 _aLiteratura
942 _cBK
999 _c48510
_d48510